Conversando desde el silencio /

I tiakina i:
Ngā taipitopito rārangi puna kōrero
Kaituhi matua: Moratiel, José F. (autor)
Hōputu: Pukapuka
Reo:Pāniora
I whakaputaina: Guadalajara, México : Madrid, España : Editorial Alba ; San Pablo, 1997, c1997
Putanga:3a edición
Ngā Tūtohu: Tāpirihia he Tūtohu
Kāore He Tūtohu, Me noho koe te mea tuatahi ki te tūtohu i tēnei pūkete!

MARC

LEADER 00000nam^a2200000^a^4500
001 000613310
005 20250521000000.0
009 20260310133619.294
020 |a 968-7581-06-9 
025 |a Donación Juan Lafarga Corona, 1 ejemplar 
037 |a Acervo Xavier Clavigero 
041 |a ESP 
091 |a FLC. 00250 
100 |a Moratiel, José F.  |e (autor) 
245 1 0 |a Conversando desde el silencio / 
250 |a 3a edición 
264 4 |a Guadalajara, México :  |b Editorial Alba ;  |a Madrid, España :  |b San Pablo,  |c 1997, c1997 
300 |a 111 p. 
336 |a texto  |b txt  |2 rdacontenido 
337 |a sin mediación  |b n  |2 rdamedio 
338 |a volumen  |b nc  |2 rdasoporte 
649 |a XX 
910 |a Fondo Juan Lafarga Corona S.J. 
920 |a Impresos - Libros 
930 |a Fondos Especiales 
905 |a 145 
901 |a 613310-10  |b IT2  |c ESL  |i D  |u 20250521 
902 |a https://opac.biblio.iteso.mx/vufind/Record/000613310